header

The Canterbury tales (Record no. 221604)

MARC details
000 -LEADER
fixed length control field 01449nam a2200361 a 4500
100 1# - MAIN ENTRY--AUTHOR NAME
Personal name Chaucer, Geoffrey,
245 14 - TITLE STATEMENT
Title The Canterbury tales
250 ## - EDITION STATEMENT
Edition statement New ed.
260 ## - PUBLICATION, DISTRIBUTION, ETC. (IMPRINT)
Place of publication Oxford :
Name of publisher Oxford University Press,
Year of publication 2011.
300 ## - PHYSICAL DESCRIPTION
Number of Pages xxix, 517 p.
490 1# - SERIES STATEMENT
Series statement Oxford world's classics
650 #0 - SUBJECT ADDED ENTRY--TOPICAL TERM
Topical Term Christian pilgrims and pilgrimages
700 1# - ADDED ENTRY--PERSONAL NAME
Personal name Wright, David.
Personal name Cannon, Christopher.
856 40 - ELECTRONIC LOCATION AND ACCESS
Uniform Resource Identifier http://site.ebrary.com/lib/rucke/Doc?id=10480759

No items available.

© 2026 Rongo University
Contact us: librarian | system librarian | Rongo university